TOP 10 Kraje Pod Względem "GKP per capita" - Statystyki

Ogólne statystyki
  • Ten quiz został rozwiązany 28 razy
  • Średni wynik to 6 z 10
Statystyki odpowiedzi
PKB per capita Kraj % Poprawnych
69 231 $ Stany Zjednoczone
92%
136 701 $ Luksemburg
76%
93 720 $ Szwajcaria
72%
68 581 $ Katar
60%
72 795 $ Singapur
60%
89 090 $ Norwegia
56%
67 758 $ Dania
52%
63 529 $ Australia
48%
69 033 $ Islandia
36%
99 013 $ Irlandia
20%
Nie znaleziono quizów pasujących do podanych kryteriów
Rozkład punktacji
Procent ludzi z każdym wynikiem
Percentyl według liczby udzielonych odpowiedzi
Twoja historia wyników
Nie rozwiązałeś tego quizu